000 00612cam a22001937a 4500
001 001585
003 armpunfd
005 20140612090645.0
008 041220e0####xx#a##########000#0#und#d
040 _aarmpunfd
_carmpunfd
080 _a347.9(821.2) C 498.
100 1 0 _a Lex
245 1 0 _aCodigo procesal civil y comercial de provincia de buenos aires. leyes complementarias.
260 _aA Plata: Lex
_b1999. 15ยช Ed. I.S.B.N: 950-9076-04-X. 720 P. Xxix.
650 7 _a Legislacion
_2LEMB
650 7 _a Procedimiento Civil
_x Buenos Aires
_2LEMB
942 _cLB
_2cdu
945 _aCatalis
_d2010-08-19
999 _c1576
_d232080